Normal view
MARC view
- جابور،اندري؛ترجمة باعتماد خالد العامري
Entry Personal Name
001 - CONTROL NUMBER
- control field: 33990
003 - CONTROL NUMBER IDENTIFIER
- control field: JO-AjAnu
005 - DATE AND TIME OF LATEST TRANSACTION
- control field: 20230606075710.0
008 - FIXED-LENGTH DATA ELEMENTS
- fixed length control field: 230606|| aca||aabn | a|a d
040 ## - CATALOGING SOURCE
- Original cataloging agency: JO-AjAnu
- Transcribing agency: JO-AjAnu
100 ## - HEADING--PERSONAL NAME
- Personal name: جابور،اندري؛ترجمة باعتماد خالد العامري
670 ## - SOURCE DATA FOUND
- Source citation: Work cat.: (JO-AjAnu)17458: جابور،اندري؛ترجمة باعتماد خالد العامري, author, سياسات التسعير:المفاهيم والطرق المختلفة للتسويق الفعال=PRICNG:Concepts and Methods for Effective Marketing